000 00389nam a2200157Ia 4500
005 20240426025634.0
008 240331s9999 xx 000 0 und d
082 _bWAL
_a331.4
100 _aWalcott,Clotil
245 0 _aFightback says a woman
_cClotil Walcott
260 _bInstitute of Social Studies
_c1980
300 _a77 p .,
650 _aPolitical
650 _aSocial
942 _cL
999 _c2698
_d2698